000 00230nam a22000857a 4500
008 160708b xxu||||| |||| 00| 0 eng d
100 _92438
_aOm Kidz
245 _a365 Panchatantra Stories
260 _aNew Delhi
_bOm kidz publication
_c2012
999 _c2110
_d2110